Dutch train stations - Gelderland - Statistics

General Stats
  • This quiz has been taken 277 times
  • The average score is 34 of 65
Answer Stats
Company Answer % Correct
Arriva/NS Nijmegen
97%
NS/Arriva Apeldoorn
86%
Abellio/Arriva/Breng/NS Arnhem Centraal
86%
NS/Arriva/Syntus Zutphen
85%
Arriva/Breng Doetinchem
81%
NS/Connexxion Ede-Wageningen
81%
Arriva Winterswijk
79%
Arriva/NS Tiel
78%
NS Dieren
74%
NS Nijmegen Lent
73%
NS Arnhem Zuid
72%
NS Harderwijk
71%
NS Velp
68%
Arriva/Abellio/Breng Zevenaar
68%
Arriva/Breng/NS Arnhem Velperpoort
65%
Arriva/NS Elst
65%
NS Culemborg
61%
NS Nijmegen Goffert
61%
NS Nijmegen Dukenburg
60%
Arriva/Breng Duiven
59%
NS Nunspeet
57%
NS Rheden
55%
NS Wijchen
55%
NS Nijkerk
54%
NS Arnhem Presikhaaf
53%
Connexxion Ede Centrum
53%
NS Ermelo
53%
NS/Qbuzz Geldermalsen
53%
Arriva/Breng Westervoort
53%
NS Putten
52%
NS Zaltbommel
52%
Connexxion Barneveld Noord
49%
Arriva Nijmegen Heyendaal
49%
NS Veenendaal-De Klomp
49%
Connexxion Barneveld Centrum
47%
NS Brummen
46%
Arriva Aalten
45%
Connexxion Barneveld Zuid
45%
Arriva/Breng Didam
45%
Syntus Lochem
45%
NS Oosterbeek
45%
NS Wolfheze
45%
NS 't Harde
44%
NS Twello
44%
Arriva Apeldoorn de Maten
43%
NS Wezep
42%
Arriva/Breng Doetinchem de Huet
41%
Connexxion Lunteren
41%
Arriva Ruurlo
39%
Arriva Kesteren
35%
Arriva Varsseveld
35%
Arriva Winterswijk West
35%
Arriva Terborg
33%
Arriva/Breng Wehl
33%
NS Apeldoorn Osseveld
32%
Arriva Klarenbeek
32%
NS Tiel Passewaaij
32%
Arriva Lichtenvoorde-Groenlo
31%
Arriva Opheusden
31%
Arriva Vorden
31%
Arriva Zetten-Andelst
30%
Arriva Voorst-Empe
29%
Arriva Gaanderen
27%
Qbuzz Beesd
24%
Arriva Hemmen-Dodewaard
24%
No matching quizzes found
Score Distribution
Percent of People with Each Score
Percentile by Number Answered
Your Score History
You have not taken this quiz